Η παρουσία των ΜΚΟ και του εθελοντισμού σε εικονικούς κόσμους : μελέτη περίπτωσης το Second Life : διπλωματική εργασία [μεταπτυχιακή εργασία]

Saved in:
Bibliographic Details
Main Author: Παναγιώταρου, Δήμητρα
Corporate Author: Πανεπιστήμιο Αιγαίου Σχολή Ανθρωπιστικών Επιστημών Τμήμα Επιστημών της Προσχολικής Αγωγής και του Εκπαιδευτικού Σχεδιασμού Πρόγραμμα Μεταπτυχιακών Σπουδών Φύλο και Νέα Εκπαιδευτικά και Εργασιακά Περιβάλλοντα στην Κοινωνία της Πληροφορίας
Other Authors: Φώκιαλη, Περσεφόνη (Thesis advisor)
Format: Thesis Book
Language:Greek
Published: 2012
Subjects:
Online Access:http://hdl.handle.net/11610/13934
Tags: Add Tag
No Tags, Be the first to tag this record!

MARC

LEADER 00000cam a2200000 i 4500
001 1/31363
008 130610s2012 gre d
035 |l 10114724 
040 |a GR-MY-UA  |b gre  |e aacr 
041 0 |a gre 
082 0 |a 361.37  |2 (22) 
100 1 |a Παναγιώταρου, Δήμητρα. 
245 1 2 |a Η παρουσία των ΜΚΟ και του εθελοντισμού σε εικονικούς κόσμους :  |b μελέτη περίπτωσης το Second Life : διπλωματική εργασία [μεταπτυχιακή εργασία] /  |c Δήμητρα Παναγιώταρου ; επιβλέπουσα: Πέρσα Φώκιαλη 
260 |c 2012 
300 |a 82 σ.;  |c 30 εκ. 
500 |a Μέλη εξεταστικής επιτροπής: Χρυσή Βιτσιλάκη, Διονύσης Γουβιάς 
502 |a Διατριβή (μεταπτυχιακή) – Πανεπιστήμιο Αιγαίου, Ρόδος, 2012. 
504 |a Βιβλιογραφία: σ. 60-72 
650 0 0 |a Non-governmental organizations. 
650 0 0 |a Voluntarism  |z Greece. 
650 0 0 |a Volunteer workers in community development. 
650 0 0 |a Dissertations, Academic  |z Greece. 
700 1 |a Φώκιαλη, Περσεφόνη.  |4 ths 
710 1 |a Πανεπιστήμιο Αιγαίου   |b Σχολή Ανθρωπιστικών Επιστημών   |b Τμήμα Επιστημών της Προσχολικής Αγωγής και του Εκπαιδευτικού Σχεδιασμού   |b Πρόγραμμα Μεταπτυχιακών Σπουδών Φύλο και Νέα Εκπαιδευτικά και Εργασιακά Περιβάλλοντα στην Κοινωνία της Πληροφορίας. 
852 |a INST  |b RHODES  |c DIATR  |e 20130610  |h 361.37 ΠΑΝ  |p 005400035348  |q 005400035348  |t MTXE  |y 23 
852 |a INST  |b RHODES  |c DIATR  |e 20130610  |h 361.37 ΠΑΝ  |p 005400035349  |q 005400035349  |t MTXE  |y 23 
856 |u http://hdl.handle.net/11610/13934 
901 |a BIBL4-2013-2 
909 |a Ρ  |b 176875 
909 |a Ρ  |b 176876 
924 |a ΠΑΝΑΓΙΩΤΑΡΟΥ  |b ΔΗΜΗΤΡΑ  |y ΡΟΔΟΣ  |z 2012 
970 |z 2013/06/10